000 00734nam a2200193 a 4500
001 ASIN080316291X
005 20140512234942.0
008 140510s2009 xxu eng d
020 _a080316291X (paperback)
020 _a9780803162914 (paperback)
245 1 0 _a2009 annual book of astm standards.
_nVol. 01.08 /
_cShip and Marine Technology Vol. 01.07 2009.
260 _a[S.l.] :
_bASTM,
_c2009.
300 _a1 v. (unpaged)
490 1 _aIron and steel products ;
_vVol. 01.08 2009.
520 _aVERY NICE BOOK.
700 1 _a2009, Ship and Marine Technology Vol. 01.07.
830 0 _aIron and steel products ;
_vVol. 01.08 2009.
856 4 0 _3Amazon.com
_uhttp://www.amazon.com/exec/obidos/ASIN/080316291X/chopaconline-20
999 _c2658
_d2658